| 000 | 00414nam a22001457a 4500 | ||
|---|---|---|---|
| 082 |
_a330 _bFAB _cN-01, P-155 |
||
| 100 |
_aFabozzi, F.J _942837 |
||
| 245 |
_aCapital markets institutions and instruments / _cF.J, Fabozzi |
||
| 250 | _a3rd ed. | ||
| 260 |
_aPakistan : _bNational Book Foundation, _c. |
||
| 300 | _a644 p. : | ||
| 526 |
_a0 _b0 _c0 _d330_000000000000000_FAB |
||
| 650 |
_aNUST _96342 |
||
| 942 |
_2ddc _cBK |
||
| 999 |
_c546654 _d546654 |
||